Statistics for Canadian Geography by Letter - N

Click here to take the quiz!

General Stats

  • This quiz has been taken 14 times
  • The average score is 6 of 12

Answer Stats

HintAnswer% Correct
An Atlantic provinceNewfoundland & Labrador
92%
Canada's newest territoryNunavut
92%
Famous attraction on the Ontario-New York borderNiagara Falls
85%
Territory the above separated fromNorthwest Territories
77%
"Nova Scotia
77%
"New Brunswick
69%
Gothic Montreal basilicaNotre-Dame
54%
Vancouver Island city famous for a dessert barNanaimo
31%
One of Toronto's six boroughsNorth York
15%
Lake or university in the aboveNippissing
8%
City in northeastern OntarioNorth Bay
8%
Cirt across the Burrard Inlet from VancouverNorth Vancouver
8%

Score Distribution

Percentile by Number Answered

Percent of People with Each Score

Your Score History

You have not taken this quiz